| 000 | 00675nam a2200229Ia 4500 | ||
|---|---|---|---|
| 001 | 2573 | ||
| 003 | GE_BSU | ||
| 008 | 181216s||||||||xx |||||||||||||| ||und|| | ||
| 020 | _a9789941006357 | ||
| 040 | _cGE_BSU | ||
| 080 | _a316(075.8) | ||
| 100 | _aღიბრაძე, რაულ | ||
| 245 | _aსოციოლოგია (დამხმარე სახელმძღვანელო) | ||
| 245 | _bსაქ–ს ტექნიკ.უნ–ტი. | ||
| 260 | _aთბილისი | ||
| 260 | _bგეორგკა | ||
| 260 | _c2008 | ||
| 300 | _a197 გვ. | ||
| 541 | _h7 ლ. | ||
| 653 | _aსოციოლოგია | ||
| 942 | _cBK | ||
| 999 |
_c36652 _d36652 |
||